000 00595cam a2200205 a 4500
001 000019173
005 20200929165935.0
008 740605s1973 xxcab 000 f eng d
020 _a0772006180
040 _aDO-SdBNP
_cDLC
_dDLC
_dBNPHU
082 _a813.54
_bR738u
100 1 _aRohmer, Ríchard,
_941275
245 1 0 _aUltimatum /
_cRíchard Rohmer.
260 _aToronto :
_bClarke, Irwin,
_c1973.
300 _a227 p. :
_billus., maps. ;
_c24 cm.
650 4 _aNovela canadiense
_97990
650 4 _aLiteratura canadiense
_911496
910 _aCatalogación derivada / LC
049 _aBNPHU
999 _c18691
_d18691